Word Ladder: Bibliophile Quiz Stats

 Plays Quiz Updated Oct 24, 2012

Support Sporcle.
Go Orange.
Score 0/10 Timer 01:00
1 Play Today
Clue 4-Letter Word % Correct
Between a ____ and a hard placeROCK
96.7%
'The ____ Knight Rises'DARK
96.5%
A piece in chessROOK
94.8%
A place to hold spices RACK
94.1%
College student's homeDORM
93.4%
Not enough of something LACK
89.8%
A socially inept personDORK
89.4%
Something done for fun or a birdLARK
87%
A bibliophile with [rung 10]BOOK
78%
A bibliophile with [rung 1]WORM
61.7%

Today's Daily Dose

You're not logged in!

Compare scores with friends on all Sporcle quizzes.
OR
Log In

From the Vault

More Secret Identities

by Derek

The most important thing in life is to be yourself. Unless you suck, in which case developing a secret identity might be your best bet.
Remove Ads.
Support Sporcle.
Get the best of Sporcle when you Go Orange. This ad-free experience offers more features, more stats, and more fun while also helping to support Sporcle. Thank you for becoming a member.

Show Comments

Extras

Top Quizzes Today


Score Distribution

Your Account Isn't Verified!

In order to create a playlist on Sporcle, you need to verify the email address you used during registration. Go to your Sporcle Settings to finish the process.

Report this User

Report this user for behavior that violates our Community Guidelines.

Details: